| 000 | 02826nam a22006254i 4500 | ||
|---|---|---|---|
| 003 | PE-LiUPU | ||
| 005 | 20250731170411.0 | ||
| 008 | 160204s2011 gw rb 000 0 spa d | ||
| 020 | _a3844349685 | ||
| 020 | _a9783844349689 | ||
| 035 | _a(Sirsi) i9783844349689 | ||
| 040 |
_aYDXCP _bspa _cYDXCP _dPE-LiUPU _erda |
||
| 049 | _aPRUA | ||
| 082 |
_a174.28 _bG67 |
||
| 100 | 1 |
_aGonzález Guzmán, Rafael, _eautor. |
|
| 245 | 1 | 3 |
_aLa dimensión ética en las políticas de salud en América Latina : _buna nueva ética emergiendo de las luchas de los pueblos latinoamericanos / _cRafael Gonzáles Guzmán, Julián Alcalá R. |
| 264 | 1 |
_aAlemania : _bEditorial Académica Española, _c2011. |
|
| 300 |
_a161 páginas ; _c22 centímetros |
||
| 336 |
_atext _2rdacontent |
||
| 337 |
_aunmediated _2rdamedia |
||
| 338 |
_avolume _2rdacarrier |
||
| 504 | _aBibliografía : páginas 156-161. | ||
| 505 | 0 | _aConceptos generales de ética, salud colectiva y políticas de salud -- Ubicación de la perspectiva ética usada -- Problemas y posturas éticas en la definición de políticas de salud -- La dimensión ética en seis programas de salud en América Latina -- El contexto, América Latina en la encrucijada -- Los programas nacionales de salud 2001 a 2012, México: la ética neoliberal en salud -- La reforma en la salud en la Ciudad de México durante 2000 a 2006 -- El sistema de salud autónomo zapatista -- Bolivia, equidad y participación popular democrática -- Uruguay, la creación del sistema nacional integral de salud -- Venezuela, surge un modelo alternativo -- Discusión y conclusiones. | |
| 526 | _aSEG68 | ||
| 526 | _aSEG70 | ||
| 526 | _aSEG69 | ||
| 526 | _aSEG67 | ||
| 526 | _aSEG43 | ||
| 526 | _aP144 | ||
| 526 | _aP143 | ||
| 526 | _aP131 | ||
| 526 | _aP122 | ||
| 526 | _aP120 | ||
| 526 | _aP117 | ||
| 526 | _aP112 | ||
| 526 | _aP110 | ||
| 526 | _aP106 | ||
| 526 | _aP101 | ||
| 526 | _aP80 | ||
| 526 | _aP59 | ||
| 526 | _aP54 | ||
| 526 | _aP35 | ||
| 526 | _aP33 | ||
| 526 | _aP30 | ||
| 650 | 1 | 4 |
_aSalud _zAmérica Latina _xPolíticas. |
| 650 | 1 | 4 |
_aEtica médica _xAmérica Latina. |
| 700 | 1 |
_aAlcalá R., Julián, _eautor. |
|
| 910 |
_ajck _bjck _cjck _d20160510 |
||
| 942 |
_2ddc _cBOOK |
||
| 949 |
_a174.28 G67 _wDEWEY _c1 _i73000 _lCCODEBUL1 _mBUL _p135.14 _r0 _sY _tBOOK _u2015-5-10 _xSALUD _PP69 _0COMPRA _o.CIRCNOTE. El documento es de alto precio. _o.STAFF. Posgrado |
||
| 994 |
_aC0 _bPEPRU |
||
| 596 | _a1 | ||
| 999 |
_a174.28 G67 _wDEWEY _c9306 _i73000 _f2021-11-3 _g5 _lCCODEBUL1 _mBUL _p135.14 _r0 _sY _tBOOK _u2015-5-10 _xSALUD _PP69 _0COMPRA _o.CIRCNOTE. El documento es de alto precio. _o.STAFF. Posgrado _d9306 |
||
| 980 |
_81 _gALBERTO SANCHEZ Responsable de Automatización |
||